Estudio y Comprensión de la Sociedad 7º Básico: guía didáctica para el profesor

Gardado en:
Detalles Bibliográficos
Main Authors: Ramírez Morales, Fernando (Author), Silva Villalobos, Victoria (Author)
Formato: Libro
Idioma:Lingua castelá
Publicado: Santiago Mare Nostrum Comunicación 2003
Edición:2a. ed
Subjects:
Tags: Engadir etiqueta
Sen Etiquetas, Sexa o primeiro en etiquetar este rexistro!

MARC

LEADER 00000nam a2200000 a 4500
001 UCI7843
003 CL-VaPUC
008 080725e20030000CL |||||||||||||||||spa|d
020 |a 9562940454 
082 0 4 |a 372.83  |b RAM  |2 21 
100 0 |a Ramírez Morales, Fernando  |e author  |9 531182 
700 0 |a Silva Villalobos, Victoria  |e author  |9 531183 
245 1 0 |a Estudio y Comprensión de la Sociedad 7º Básico: guía didáctica para el profesor 
250 |a 2a. ed 
300 |a 64 p 
942 |c BK 
945 |d 20080725 00:00:00  |a jtorresc 
260 |a Santiago  |b Mare Nostrum Comunicación  |c 2003 
650 0 |a Educación básica   |9 224933 
650 0 |a Métodos de enseñanza  |9 270413 
650 7 |a LIBROS DE TEXTOS  |2 CL-VaPUC  |9 531184 
650 0 |a Enseñanza de la geografía  |9 310005 
650 0 |a Enseñanza de la historia   |9 307330 
650 0 |a Desarrollo social  |9 264534 
583 |a last modification  |c 20180314 11:31:25  |k Rodrigo Vera 
999 |c 330972  |d 330970 
952 |0 0  |1 0  |4 0  |6 372_830000000000000_RAM_2003  |7 0  |8 P  |9 416989  |a BIBEDU  |b BIBEDU  |d 2019-11-22  |i 4462262  |o 372.83 RAM 2003  |p 4462262  |r 2019-11-22  |w 2019-11-22  |y BK  |k EDU 
952 |0 0  |1 0  |4 0  |6 372_830000000000000_RAM_2003  |7 0  |8 P  |9 416990  |a BIBEDU  |b BIBEDU  |c BIBEDU_PB  |d 2019-11-22  |i 4462270  |o 372.83 RAM 2003  |p 4462270  |r 2024-01-25  |w 2019-11-22  |y BK  |k EDU 
952 |0 0  |1 0  |4 0  |6 372_830000000000000_RAM_2003  |7 0  |8 P  |9 416991  |a BIBEDU  |b BIBEDU  |c BIBEDU_PB  |d 2019-11-22  |i 4462289  |o 372.83 RAM 2003  |p 4462289  |r 2024-01-25  |w 2019-11-22  |y BK  |k EDU 
952 |0 0  |1 0  |4 0  |6 372_830000000000000_RAM_2003  |7 0  |8 P  |9 416992  |a BIBEDU  |b BIBEDU  |d 2019-11-22  |i 4462297  |o 372.83 RAM 2003  |p 4462297  |r 2019-11-22  |w 2019-11-22  |y BK  |k EDU 
952 |0 0  |1 0  |4 0  |6 372_830000000000000_RAM_2003  |7 0  |8 P  |9 416993  |a BIBEDU  |b BIBEDU  |c BIBEDU_PB  |d 2019-11-22  |i 4462300  |o 372.83 RAM 2003  |p 4462300  |r 2024-01-25  |w 2019-11-22  |y BK  |k EDU